000 00486nam a2200181Ia 4500
005 20250923144519.0
008 008 250917s9999 xx 000 0 eng d
037 _aTextual
040 _aDSWL
_beng
_cDSWL
041 _aeng
_2eng
084 _qDSWL
100 _aDrucker, Peter.F.
_9825649
245 0 _aPractice of management
_cby Peter.F. Drucker
260 _aLondon
_bHeinemann
_c1955
300 _aviii,355p.
942 _cTEXL
999 _c1439874
_d1439874